Statistics for Washington Wizards: Leading Scorer Every Year

Click here to take the quiz!

General Stats

  • This quiz has been taken 463 times
    (197 since last reset)
  • The average score is 27 of 62

Answer Stats

YearPlayerAverage% Correct
2022-2023Bradley Beal23.2
99%
2018-2019Bradley Beal25.6
99%
2021-2022Bradley Beal23.2
99%
2020-2021Bradley Beal31.3
99%
2019-2020Bradley Beal30.5
99%
2017-2018Bradley Beal22.6
99%
2012-2013John Wall18.5
95%
2013-2014John Wall19.3
95%
2015-2016John Wall19.9
95%
2016-2017John Wall23.1
95%
2014-2015John Wall17.6
95%
2004-2005Gilbert Arenas25.5
81%
2005-2006Gilbert Arenas29.3
81%
2006-2007Gilbert Arenas28.4
81%
2009-2010Gilbert Arenas22.6
81%
2003-2004Gilbert Arenas19.6
81%
1980-1981Elvin Hayes17.8
68%
1972-1973Elvin Hayes21.2
68%
1979-1980Elvin Hayes23.0
68%
1978-1979Elvin Hayes21.8
68%
1977-1978Elvin Hayes19.7
68%
1974-1975Elvin Hayes23.0
68%
1976-1977Elvin Hayes23.7
68%
2001-2002Michael Jordan22.9
55%
2007-2008Antawn Jamison21.4
37%
2008-2009Antawn Jamison22.2
37%
1966-1967Gus Johnson20.7
28%
1994-1995Chris Webber20.1
25%
1995-1996Chris Webber23.7
25%
1996-1997Chris Webber20.1
25%
1997-1998Chris Webber21.9
25%
1984-1985Gus Williams20.0
23%
1988-1989Jeff Malone21.7
23%
1989-1990Jeff Malone24.3
23%
1985-1986Jeff Malone22.4
23%
1987-1988Jeff Malone20.5
23%
1986-1987Moses Malone24.1
23%
1970-1971Earl Monroe21.4
22%
1969-1970Earl Monroe23.4
22%
1967-1968Earl Monroe24.3
22%
1968-1969Earl Monroe25.8
22%
1990-1991Bernard King28.4
20%
1961-1962Walt Bellamy31.6
20%
1963-1964Walt Bellamy27.0
20%
1964-1965Walt Bellamy24.8
20%
1962-1963Walt Bellamy27.9
20%
2002-2003Jerry Stackhouse21.5
14%
2000-2001Juwan Howard18.2
13%
1973-1974Phil Chenier21.9
12%
1975-1976Phil Chenier19.9
12%
1982-1983Jeff Ruland19.4
10%
1983-1984Jeff Ruland22.2
10%
2011-2012Nick Young16.6
10%
2010-2011Nick Young17.4
10%
1998-1999Mitch Richmond19.7
9%
1999-2000Mitch Richmond17.4
9%
1993-1994Rex Chapman18.2
6%
1971-1972Archie Clark25.1
5%
1981-1982Greg Ballard18.8
5%
1965-1966Don Ohl20.6
4%
1992-1993Harvey Grant18.6
4%
1991-1992Pervis Ellison20.0
4%

Score Distribution

Percentile by Number Answered

Percent of People with Each Score

Your Score History

You have not taken this quiz since the last reset